00975nam a2200253 a 450000100060000000300080000600500170001400800410003103500190007203500120009104000210010304100080012408200220013210000330015424501630018726000460035030000260039650400520042265100550047470000260052994200120055599900170056795201370058464035BD-RjUL20211209081250.0170208s1983 ii b 001 0 eng d a(BD-RjUL)64165 a2509046 aLCbengcLCdANL aeng04a320.954bBAI 19830 aBahadur, Lal d1916-919021110aIndian freedom movement and thought :bpolitics of "pro-change" versus "no-change," 1919-1929 /cLal Bahadur ; edited and with an introduction by J.C. Johari. aNew Delhi :bSterling Publishers,cc1983. axvi, 443 p. ;c23 cm. aIncludes Bibliography: p. [428]-437. and index. 0aIndiaxPolitics and governmenty1919-1947.91721101 aJohari, J. C.9190212 2ddccBK c64035d64035 00102ddc40718NFICaRUCLbRUCLcReadingd1985-01-23eTulipg175.00l0o320.954 BAI 1983r2017-02-08 00:00:00tC-1w2017-02-08yBK